Statistics for Bordering Countries by Country

Click here to take the quiz!

General Stats

  • This quiz has been taken 271 times
  • The average score is 27 of 30

Answer Stats

Answer % Correct
Brazil
100%
Chile
99%
Germany
98%
Paraguay
97%
France
97%
Bolivia
96%
Italy
96%
Romania
96%
Austria
96%
Vietnam
96%
China
96%
Cambodia
96%
Uruguay
95%
Thailand
95%
Kazakhstan
93%
Turkmenistan
92%
Liechtenstein
91%
Greece
91%
Tajikistan
89%
Burma
88%
Ghana
87%
Serbia
87%
Macedonia
87%
Turkey
86%
Burkina Faso
83%
Afghanistan
82%
Liberia
81%
Mali
80%
Guinea
79%
Kyrgyzstan
77%

Score Distribution

Percentile by Number Answered

Percent of People with Each Score

Your Score History

You have not taken this quiz